000 00474nam a2200169 i 4500
001 129634
003 ES-MaACL
005 20250428063003.0
007 t|
008 070627s1920 fr ||||1| fre d
100 1 _aFrance, Anatole,
_d1844-1924
_9240108
245 1 3 _aLa rôtisserie de la reine Pédauque /
_cAnatole Frace.
260 _aParis :
_bCalmann-Lévy,
_c1920.
300 _a388 p. ;
_c19 cm.
852 _aES-MaACL
_jG-8793
999 _c129634
_d129634